Statistiques concernant Toutes les communes de la Haute Savoie

Cliquez ici pour prendre le quiz!

Statistiques générales

  • Ce quiz a été pris 108 fois
  • Le résultat moyen est 36 sur 279

Statistiques - réponses

PopulationNom% Correct
130 721Annecy
99%
36 582Annemasse
87%
35 826Thonon-les-Bains
82%
9 108Évian-les-Bains
73%
3 181Bonne
67%
12 509Bonneville
66%
16 918Cluses
66%
8 640Chamonix-Mont-Blanc
59%
16 831Sallanches
56%
15 873Saint-Julien-en-Genevois
54%
3 025Megève
49%
2 717Morzine
48%
1 709La Clusaz
46%
2 096Le Grand-Bornand
41%
15 768Rumilly
41%
11 149La Roche-sur-Foron
39%
10 071Gaillard
38%
1 215Les Gets
35%
2 473Samoëns
35%
6 598Thônes
35%
1 447Abondance
34%
5 604Saint-Gervais-les-Bains
34%
11 233Passy
32%
3 394Taninges
32%
3 007Les Houches
29%
1 067Yvoire
28%
6 483Douvaine
27%
8 932Scionzier
27%
1 246Châtel
24%
3 516Fillinges
24%
1 118Les Contamines-Montjoie
24%
6 008Saint-Jorioz
24%
759Sixt-Fer-à-Cheval
24%
9 050Ville-la-Grand
24%
3 542Doussard
23%
3 240Magland
23%
6 372Marignier
23%
2 104Combloux
22%
886Saint-Gingolph
22%
7 091Saint-Pierre-en-Faucigny
22%
4 139Sevrier
22%
2 351Seyssel
22%
1 241Praz-sur-Arly
20%
6 348Sciez
20%
406Vallorcine
20%
2 576Alby-sur-Chéran
19%
5 739Bons-en-Chablais
19%
4 502Cruseilles
19%
9 003Vétraz-Monthoux
19%
6 138Ambilly
18%
1 475Habère-Poche
18%
676Morillon
18%
8 233Poisy
18%
1 057Servoz
18%
2 198Anthy-sur-Léman
16%
1 133Bogève
16%
994Duingt
16%
2 052Frangy
16%
1 051Habère-Lullin
16%
1 884Menthon-Saint-Bernard
16%
2 421Mieussy
16%
3 671Saint-Cergues
16%
3 370Saint-Jeoire
16%
4 454Viuz-en-Sallaz
16%
2 191Allonzier-la-Caille
15%
2 556Étrembières
15%
5 078La Balme-de-Sillingy
15%
5 642Marnaz
15%
1 461Saint-Jean-de-Sixt
15%
5 365Sillingy
15%
6 330Thyez
15%
4 935Valleiry
15%
5 415Viry
15%
4 681Allinges
14%
1 861Boëge
14%
1 194Châtillon-sur-Cluses
14%
3 948Collonges-sous-Salève
14%
1 168Excenevex
14%
9 449Fillière
14%
3 900Groisy
14%
996Manigod
14%
1 604Nangy
14%
7 341Publier
14%
2 276Veyrier-du-Lac
14%
2 609Archamps
13%
3 370Argonay
13%
6 975Cranves-Sales
13%
932La Chapelle-d'Abondance
13%
1 098Machilly
13%
2 197Margencel
13%
939Montriond
13%
1 885Perrignier
13%
1 558Saint-Jean-d'Aulps
13%
1 018Saint-Sixt
13%
1 948Talloires-Montmin
13%
1 847Arâches-la-Frasse
11%
1 866Arenthon
11%
1 623Arthaz-Pont-Notre-Dame
11%
2 204Contamine-sur-Arve
11%
8 196Epagny Metz-Tessy
11%
630Juvigny
11%
1 301La Tour
11%
1 842Marin
11%
465Nancy-sur-Cluses
11%
3 108Pers-Jussy
11%
839Saint-Laurent
11%
2 739Amancy
10%
953Andilly
10%
1 359Armoy
10%
2 219Ayse
10%
1 273Bellevaux
10%
2 792Chens-sur-Léman
10%
1 836Cusy
10%
1 441Dingy-Saint-Clair
10%
536Le Reposoir
10%
2 504Lugrin
10%
802Lullin
10%
1 052Marcellaz
10%
590Mégevette
10%
3 122Neuvecelle
10%
2 152Neydens
10%
49Novel
10%
1 288Onnion
10%
484Saxel
10%
1 102Alex
9%
1 140Arbusigny
9%
1 492Ballaison
9%
1 428Charvonnex
9%
984Cordon
9%
844Demi-Quartier
9%
927Éloise
9%
1 607Lucinges
9%
2 318Monnetier-Mornex
9%
1 252Quintal
9%
8 072Reignier-Ésery
9%
2 418Saint-Félix
9%
831Thollon-les-Mémises
9%
1 307Viuz-la-Chiésaz
9%
1 581Vougy
9%
376Bluffy
8%
673Burdignin
8%
1 055Cernex
8%
2 683Chavanod
8%
1 385Cornier
8%
1 433Féternes
8%
455La Balme-de-Thuy
8%
261La Chapelle-Rambaud
8%
615Le Biot
8%
1 633Loisin
8%
1 741Lyaud
8%
314Meillerie
8%
2 150Messery
8%
378Nernier
8%
1 030Orcier
8%
585Saint-Sigismond
8%
859Vacheresse
8%
1 022Vaulx
8%
905Villard
8%
3 347Villaz
8%
1 630Vulbens
8%
415Allèves
6%
3 027Beaumont
6%
1 384Bernex
6%
482Brizon
6%
2 195Domancy
6%
902Draillant
6%
2 021Etaux
6%
7 609Faverges-Seythenex
6%
525Giez
6%
1 814Glières-Val-de-Borne
6%
1 522Gruffy
6%
1 257Lovagny
6%
690Lully
6%
693Marigny-Saint-Marcel
6%
1 053Marlioz
6%
1 534Massongy
6%
1 667Mont-Saxonnex
6%
1 006Nâves-Parmelan
6%
719Nonglard
6%
1 381Peillonnex
6%
498Saint-Eustache
6%
2 487Saint-Paul-en-Chablais
6%
2 060Sales
6%
1 148Scientrier
6%
1 131Thusy
6%
2 562Vallières-sur-Fier
6%
3 919Veigy-Foncenex
6%
918Vers
6%
592Bloye
5%
1 042Bossey
5%
1 096Brenthonne
5%
1 233Cervens
5%
759Chainaz-les-Frasses
5%
1 111Champanges
5%
931Chapeiry
5%
626Chevrier
5%
1 441Chilly
5%
405Clermont
5%
1 195Copponex
5%
1 541Cuvat
5%
838Étercy
5%
1 757Feigères
5%
1 029Hauteville-sur-Fier
5%
983Héry-sur-Alby
5%
227La Forclaz
5%
470La Rivière-Enverse
5%
1 506Larringes
5%
1 008Lathuile
5%
434Le Sappey
5%
273Leschaux
5%
1 082Menthonnex-en-Bornes
5%
729Menthonnex-sous-Clermont
5%
983Moye
5%
881Mûres
5%
504Reyvroz
5%
575Saint-André-de-Boëge
5%
876Saint-Ferréol
5%
1 007Saint-Jean-de-Tholome
5%
605Saint-Sylvestre
5%
765Sallenôves
5%
415Usinens
5%
914Vailly
5%
1 383Val de Chaise
5%
755Verchaix
5%
933Ville-en-Sallaz
5%
844Vinzier
5%
506Boussy
4%
696Cercier
4%
810Chênex
4%
202Chevaline
4%
662Chevenoz
4%
319Crempigny-Bonneguête
4%
709Dingy-en-Vuache
4%
212Entrevernes
4%
640Faucigny
4%
990Fessy
4%
827Jonzier-Épagny
4%
115La Chapelle-Saint-Maurice
4%
1 061La Muraz
4%
249Le Bouchet-Mont-Charvin
4%
675Les Clefs
4%
1 071Les Villards-sur-Thônes
4%
1 953Marcellaz-Albanais
4%
760Montagny-les-Lanches
4%
1 054Présilly
4%
351Saint-Blaise
4%
594Saint-Eusèbe
4%
980Savigny
4%
702Serraval
4%
519Seytroux
4%
594Villy-le-Bouveret
4%
989Villy-le-Pelloux
4%
419Bassy
3%
281Bonnevaux
3%
544Challonges
3%
499Chaumont
3%
519Chêne-en-Semine
3%
221Chessenaz
3%
1 660Choisy
3%
1 034Clarafond-Arcine
3%
722Contamine-Sarzin
3%
785Desingy
3%
154Droisy
3%
512Essert-Romand
3%
321La Baume
3%
343La Vernaz
3%
572Lornay
3%
874Massingy
3%
1 453Maxilly-sur-Léman
3%
1 045Minzier
3%
420Musièges
3%
336Vanzy
3%
610Versonnex
3%
555Vovray-en-Bornes
3%
253Chavannaz
1%
540Franclens
1%
362La Côte-d'Arbroz
1%
780Mésigny
1%
587Saint-Germain-sur-Rhône
1%

Distribution des résultats

Percentile par nombre de réponses

% des personnes avec chaque résultat

Votre développement - résultats

Vous n’avez pas pris ce quiz